000 00801nam a2200289 a 4500
003 AR-BaBNM
005 20251128203607.0
008 082120s2002 ||||||||||||||000 | spa||
040 _cAR-BaBNM
100 1 _aHuizinga, Johan
245 0 0 _aEl otoño de la edad media
_bestudios sobre las formas de la vida y del espíritu durante los siglos XIV y XV en Francia y en los Países Bajos
250 _a1ª ed.
260 _aBuenos Aires
_bRevista de Occidente
_c1947
300 _a467 p.
_bláms., il.
650 4 _aARTE
650 4 _aHISTORIA EUROPEA
650 4 _aHISTORIA MEDIEVAL
650 4 _aEDAD MEDIA
650 4 _aRELIGION
650 4 _aECONOMIA
650 4 _aSOCIEDAD
650 4 _aLITERATURA
650 4 _aFILOSOFIA
650 4 _aEJERCITOS
942 _cBK
998 _cmariana
999 _c4060
_d4060